| 000 | 00580nam a22001817a 4500 | ||
|---|---|---|---|
| 999 |
_c171751 _d171751 |
||
| 005 | 20200120124611.0 | ||
| 010 | _aENG-127502 | ||
| 020 |
_a9788193523674 _c249.00 |
||
| 035 | _aEN-111034 | ||
| 037 | _bDBAD/PUB | ||
| 082 | _a230.23 | ||
| 100 | _aBohra,Anurag Singh | ||
| 245 |
_aAwakening Ganesha: _cby Anurag Singh Bohra _bconquering our inner demons against jealousy and enviousness/ |
||
| 260 |
_aDelhi _bAuthors Pride _c2019 |
||
| 270 |
_a55-A,Pocket-D,SFS Mayur Vihar-III _e110091 _b Delhi |
||
| 300 |
_a94p. _c20cm(pbk) |
||
| 942 |
_2ddc _cEN _h230.23 _mBOH |
||